|
|
|
|
| LEADER |
00000nas a22000007a 4500 |
| 001 |
ssj0024660 |
| 003 |
WaSeSS |
| 005 |
20200512172242.0 |
| 006 |
m d |
| 007 |
cr n |
| 008 |
970127d199u1999oncmr p s 0 a0eng |
| 010 |
|
|
|a cn 96300294
|
| 015 |
|
|
|a 963002945
|2 can
|
| 016 |
|
|
|a (AMICUS)000014971993
|
| 022 |
|
|
|y 1204-5551
|
| 035 |
|
|
|a (WaSeSS)ssj0024660
|
| 040 |
|
|
|a NLC
|b eng
|c NLC
|d UWO
|d OCLCF
|d WaSeSS
|
| 042 |
|
|
|a nlc
|a isds/c
|
| 043 |
|
|
|a n-cn-on
|
| 055 |
0 |
1 |
|a FC3093.1
|
| 082 |
0 |
|
|a 650/.09713/26
|2 20
|
| 084 |
|
|
|a cci1icc
|2 lacc
|
| 210 |
0 |
|
|a Lond. bus. mag.
|b (Lond., Ont.)
|
| 222 |
|
0 |
|a London business magazine
|b (London, Ont.)
|
| 245 |
0 |
0 |
|a London business magazine
|h [electronic resource].
|
| 246 |
1 |
3 |
|a LBM
|f 199--Sept. 1999
|
| 260 |
|
|
|a [London, Ont. :
|b Bowes,
|c 199-]-1999.
|
| 310 |
|
|
|a Monthly.
|
| 362 |
0 |
|
|a -v. 13, no. 6 (Sept. 1999).
|
| 500 |
|
|
|a Title from cover.
|
| 506 |
|
|
|a License restrictions may limit access.
|
| 588 |
|
|
|a Description based on: Vol. 9, no. 1 (Mar. 1995).
|
| 650 |
|
0 |
|a Business
|v Periodicals.
|
| 650 |
|
7 |
|a Business.
|2 fast
|0 (OCoLC)fst00842262
|
| 650 |
|
7 |
|a Commerce.
|2 fast
|0 (OCoLC)fst00869279
|
| 651 |
|
0 |
|a London (Ont.)
|x Commerce
|v Periodicals.
|
| 651 |
|
0 |
|a Ontario, Southwestern
|x Commerce
|v Periodicals.
|
| 651 |
|
7 |
|a Ontario
|z London.
|2 fast
|0 (OCoLC)fst01204487
|
| 651 |
|
7 |
|a Southwestern Ontario.
|2 fast
|0 (OCoLC)fst01692687
|
| 655 |
|
0 |
|a Electronic journals.
|
| 780 |
0 |
0 |
|t London business monthly magazine.
|d [London, Ont. : Bowes Publishers, 1987-199-]
|x 0820-5698
|w (CaOONL)870319949
|w (OCoLC)16850959
|w (DLC)cn 87031994
|
| 785 |
0 |
0 |
|t Business London.
|d London, Ont. : Bowes Publishers, 1999-
|x 1493-0579
|w (CaOONL)003001318
|w (OCoLC)43825326
|w (DLC)cn 00300131
|
| 856 |
4 |
0 |
|z Full text available from Research Library: 05/06/1985 to 10/31/1990
|u https://search.proquest.com/publication/30944
|
| 856 |
4 |
0 |
|z Full text available from Research Library: 02/01/1992 to 08/31/1999
|u https://search.proquest.com/publication/30944
|